Guess the Fast Food Restaurant - Statistics

General Stats
  • This quiz has been taken 169 times
  • The average score is 9 of 15
Answer Stats
Hint Answer % Correct
This restaurant used to have a clown as their mascot. McDonalds
98%
This restaurant is known for their "Whopper". Burger King
94%
Known for their fried chicken. KFC
86%
This restaurants mascot is based on the founders daughter. Wendys
83%
.Home of the Pan pizza. Pizza Hut
80%
Serves a variety of Mexican inspired foods. Taco Bell
76%
Popular for their fresh, healthy, and fast service. Subway
60%
This restaurant created soft serve. DQ | Dairy Queen
59%
Their slogan contains the words "we have the meats". Arbys
54%
Known for the "Buttery Jack". Jack in the Box
50%
Known for the CarHop method of bringing food to you. Sonic
40%
Their slogan is "quality you can taste". In-n-out | In and Out
33%
Known for their charbroiled burgers. Carl's Jr
28%
Has about 38,000 stores worldwide. Starbucks
28%
This fast food restaurant is known for being the first. White Castle
25%
No matching quizzes found
Score Distribution
Percent of People with Each Score
Percentile by Number Answered
Your Score History
You have not taken this quiz